Money, credit and banking/ (Record no. 6155)
[ view plain ]
| 000 -LEADER | |
|---|---|
| fixed length control field | 00670nam a22002177a 4500 |
| 008 - FIXED-LENGTH DATA ELEMENTS--GENERAL INFORMATION | |
| fixed length control field | 170125b xxu||||| |||| 00| 0 eng d |
| 020 ## - INTERNATIONAL STANDARD BOOK NUMBER | |
| International Standard Book Number | 9710855115 |
| 082 ## - DEWEY DECIMAL CLASSIFICATION NUMBER | |
| Edition number | 1993 |
| Classification number | DFil 332.4 |
| Item number | F17 |
| 100 ## - MAIN ENTRY--PERSONAL NAME | |
| 9 (RLIN) | 18586 |
| Personal name | Fajardo, Feliciano R. |
| 245 ## - TITLE STATEMENT | |
| Title | Money, credit and banking/ |
| Statement of responsibility, etc. | Feliciano R. Fajardo |
| 250 ## - EDITION STATEMENT | |
| Edition statement | 4th edition |
| 260 ## - PUBLICATION, DISTRIBUTION, ETC. (IMPRINT) | |
| Place of publication, distribution, etc. | Mandaluyong City: |
| Name of publisher, distributor, etc. | National Book Store, |
| Date of publication, distribution, etc. | c1993. |
| 300 ## - PHYSICAL DESCRIPTION | |
| Extent | xii, 394 pages; |
| Dimensions | 23 cm. |
| 500 ## - GENERAL NOTE | |
| General note | Includes bibliographical references. |
| 650 #0 - SUBJECT ADDED ENTRY--TOPICAL TERM | |
| 9 (RLIN) | 18587 |
| Topical term or geographic name as entry element | Money. |
| 650 #0 - SUBJECT ADDED ENTRY--TOPICAL TERM | |
| 9 (RLIN) | 18588 |
| Topical term or geographic name as entry element | Finance. |
| 650 #0 - SUBJECT ADDED ENTRY--TOPICAL TERM | |
| 9 (RLIN) | 18589 |
| Topical term or geographic name as entry element | Banks and banking. |
| 700 ## - ADDED ENTRY--PERSONAL NAME | |
| 9 (RLIN) | 18590 |
| Personal name | Manansala, Manuel M. |
| 365 ## - TRADE PRICE | |
| Price amount | 205.00 |
| Currency code | Php. |
| 942 ## - ADDED ENTRY ELEMENTS (KOHA) | |
| Source of classification or shelving scheme | Dewey Decimal Classification |
| Koha item type | Filipiniana |
| Withdrawn status | Lost status | Source of classification or shelving scheme | Damaged status | Not for loan | Collection code | Home library | Current library | Date acquired | Source of acquisition | Total Checkouts | Full call number | Barcode | Date last seen | Cost, replacement price | Price effective from | Koha item type | Copy number |
|---|---|---|---|---|---|---|---|---|---|---|---|---|---|---|---|---|---|
| Dewey Decimal Classification | Filipiniana | UM Digos College - LIC | UM Digos College - LIC | 09/01/2007 | Purchased | DFil 332.4 F17 1993 | 19217 | 05/15/2025 | 205.00 | 01/25/2017 | Filipiniana | ||||||
| Dewey Decimal Classification | Filipiniana | UM Digos College - LIC | UM Digos College - LIC | 02/08/2020 | Purchase | DFil 332.4 F17 1993 | 11521 | 05/15/2025 | 02/08/2020 | Filipiniana | c.1 | ||||||
| Dewey Decimal Classification | Filipiniana | UM Digos College - LIC | UM Digos College - LIC | 02/08/2020 | Purchase | DFil 332.4 F17 1993 | 11523 | 05/15/2025 | 02/08/2020 | Filipiniana | c.23 | ||||||
| Dewey Decimal Classification | Filipiniana | UM Digos College - LIC | UM Digos College - LIC | 02/08/2020 | Purchase | DFil 332.4 F17 1993 | 11524 | 05/15/2025 | 02/08/2020 | Filipiniana | c.4 | ||||||
| Dewey Decimal Classification | Filipiniana | UM Digos College - LIC | UM Digos College - LIC | 02/08/2020 | Purchase | DFil 332.4 F17 1993 | 11526 | 05/15/2025 | 02/08/2020 | Filipiniana | c.6 |
